000 00802nam a22001817a 4500
005 2012030502252.0
020 _c20.00
_a
035 _aA-241205
037 _b
_adpl
082 _a230.35
100 _aभट्टाचार्य, प्रमथनाथ
_943427
245 _aभारत के महान साधक /
_cप्रमथनाथ भट्टाचार्य
260 _aदरभंगा
_bनवभारत प्रकाशन
_c1982
270 _a
_b
_e
_k
300 _a303पृ.
_c22सेमी (सजिल्द)
942 _adpl
_cHN
_k
_2ddc
_h230.35
_mभट्टाचा
999 _c63759
_d63759